000 00861nam a22002177a 4500
003 OSt
005 20230119103018.0
008 221006b |||||||| |||| 00| 0 eng d
020 _a978 9930 9708 0 5
040 _cBiblioteca Lado V
082 _a708.972.86
_bS718c
100 _eeditor
_9579
_aSoto Morua, Daniel
245 _aCuraduría Contemporánea: 25 conversaciones a micrófono abierto, historias de fantasía, sueños y otros tantos hechizos./
260 _bMuseo de Arte y Diseño Contemporáneo
_aCosta Rica
_c2020
300 _a160p.
_c22x32cm
490 _vtomo 1
650 _2Tesauro de Arte & Arquitectura
_aARTE CONTEMPORANEO
650 _2Tesauro de Arte & Arquitectura
_aLITERATURA
650 _2Tesauro de Arte & Arquitectura
_aARTE COSTARRICENSE
942 _2ddc
_c1
_h708.972.86
_iS718c
_n0
_eprimera edición
999 _c2835
_d2835